Statistics for Biggest Cities in Latin America A-Z

Click here to take the quiz!

General Stats

  • This quiz has been taken 86 times
  • The average score is 14 of 26

Answer Stats

#Population#City#% Correct
B7, 862, 227COBogotaB
98%
M8, 918, 653MXMexico CityM
98%
L8, 894, 421PELimaL
97%
C3, 289, 883VECaracasC
95%
R6, 476, 631BRRio de JaneiroR
94%
S11, 967, 825BRSaõ PauloS
92%
Q2, 551, 721ECQuitoQ
91%
F2, 591, 188BRFortalezaF
86%
H2, 117, 625CUHavanaH
82%
P1, 746, 867BRPorto AlegreP
80%
G2, 589, 229ECGuayaquilG
77%
K577, 774JMKingstonK
77%
T1, 298, 475MXTijuanaT
71%
J1, 382, 753MXJuárezJ
61%
V901, 900VEValenciaV
53%
A869, 351PEArequipaA
41%
E1, 677, 687MXEcatepec de MorelosE
27%
U667, 668BRUberlândiaU
20%
X475, 506MEXalapa-EnriquezX
20%
Z1, 179, 681MXZapopanZ
14%
I523, 057COIbagueI
11%
N1, 039, 867MXNezahualcóyotlN
11%
D882, 729BRDuque de CaxiasD
9%
O694, 844BROsascoO
5%
W47, 231NIWaspamW
0%
Y120, 000VEYaritaguaY
0%

Score Distribution

Percentile by Number Answered

Percent of People with Each Score

Your Score History

You have not taken this quiz